Si sposavano uomini con uomini : voci, storie e fantasmi della Roma rinascimentale /

Quello dei matrimoni omosessuali è attualmente un tema oggetto di accesi dibattiti negli Stati Uniti come nel resto del mondo. Tuttavia, a giudicare dal tenore della maggior parte delle discussioni si trarrebbe facilmente la conclusione che l'idea del matrimonio fra persone dello stesso sesso sia un...

وصف كامل

محفوظ في:
التفاصيل البيبلوغرافية
المؤلف الرئيسي: Ferguson, Gary, (1963- ) (مؤلف)
مؤلفون آخرون: Lavorini, Tiziano (المترجم), Romagnani, Gian Paolo (كاتب المقدمة، إلخ.), Scaramella, Tommaso (كاتب المقدمة، إلخ.)
التنسيق: كتاب
اللغة:الإيطالية
منشور في: Varazze : PM edizioni, 2023
سلاسل:Obliqua
الوسوم: إضافة وسم
لا توجد وسوم, كن أول من يضع وسما على هذه التسجيلة!

MARC

LEADER 00000nam a22000007i 4500
001 IT\ICCU\BCT\0072871
003 ItRI
005 20260115232055.0
008 231120s2023 it |||||| ||||| |||||c
020 |a 9788831222877 
024 3 1 |a 9788831222877 
040 |b ita  |c importazione bologna sebina 
041 7 |a ita  |2 ISO-639-2 
100 1 |a Ferguson, Gary,  |d  (1963- )  |0 IT\ICCU\RMLV\031186  |4 aut 
240 1 0 |a Same-sex marriage in Renaissance Rome  |3 IT\ICCU\BCT\0072872  |9 Ferguson, Gary <1963- > 
245 1 0 |a Si sposavano uomini con uomini :  |b voci, storie e fantasmi della Roma rinascimentale /  |c Gary Ferguson ; prefazione di Gian Paolo Romagnani, Tommaso Scaramella ; traduzione di Tiziano Lavorini. 
260 |a Varazze :  |b PM edizioni,  |c 2023 
300 |a 227 p. :  |b ill. ;  |c 21 cm 
520 |a Quello dei matrimoni omosessuali è attualmente un tema oggetto di accesi dibattiti negli Stati Uniti come nel resto del mondo. Tuttavia, a giudicare dal tenore della maggior parte delle discussioni si trarrebbe facilmente la conclusione che l'idea del matrimonio fra persone dello stesso sesso sia un fenomeno unicamente contemporaneo. Le cose non stanno così, come dimostra Gary Ferguson in questo volume che tratta di una cerimonia nuziale omosessuale nella Roma del Cinquecento. Nella fattispecie, si fa riferimento a un gruppo formato per lo più da spagnoli e portoghesi, arrestati e giustiziati a Roma nel 1578, con l'accusa di aver celebrato matrimoni omosessuali in una delle principali chiese romane. Dell'accaduto si parla in una serie di fonti, tra cui il diario di viaggio del saggista francese Michel de Montaigne. Prefazione di Gian Paolo Romagnani e Tommaso Scaramella. 
700 1 |a Lavorini, Tiziano  |0 IT\ICCU\BCTV\016972  |4 trl 
700 1 |a Romagnani, Gian Paolo  |0 IT\ICCU\CFIV\065338  |4 aui 
700 1 |a Scaramella, Tommaso  |0 IT\ICCU\VIAV\164920  |4 aui 
830 0 |a Obliqua  |0 IT\ICCU\CFI\1040695 
942 |2 ddc  |c BK  |n 0 
952 |0 0  |1 0  |4 0  |6 DOC_306_848000000000000_FER  |7 0  |9 19570  |a BO  |b BO  |d 2026-01-15  |i 20853  |l 0  |o DOC 306.848 FER  |p BO20853  |r 2026-01-15 23:20:55  |w 2026-01-15  |x [Sebina 5] [1 v.]  |y BK  |z 1 v. 
999 |c 16675  |d 16675